000 00574nam a2200229Ia 4500
003 OSt
005 20221005124428.0
006 a|||||r|||| 00| 0
007 ta
008 221004b |||||||| |||| 00| 0 tam d
024 _a52452
037 _cTextual
040 _aCRL
_cCRL
_btam
041 _2tam
_atam
082 _aV211:72, J8
100 _aSundaresa Vandaiyar Au.
_9635217
245 0 _aMuppadu kalvettugal
260 _c1958
650 _aHISTORY
942 _hV211:72, J8
_cTEXL
_2cc
999 _c1050450
_d1050450